| 000 | 00587nam a2200229 a 4500 | ||
|---|---|---|---|
| 999 |
_c10752 _d10752 |
||
| 001 | 10752 | ||
| 003 | BD-JhCC | ||
| 005 | 20200330134008.0 | ||
| 008 | 180904s2011 bg |||| |||| 000 0 eng d | ||
| 020 | _a9789848765906 | ||
| 035 | _a(BD-JhCC)10752 | ||
| 040 |
_aBD-JhCC _dBD-JhCC |
||
| 041 | _aeng | ||
| 082 |
_a823.92 _bANA 2011 |
||
| 100 | _aAnam, Tahmima | ||
| 245 |
_aThe good Muslim / _cTahmima Anam, |
||
| 260 |
_aDhaka : _bProthoma Prokahan, _c2011 |
||
| 300 |
_a297 p. : _c22 cm. |
||
| 650 |
_aIslamic fundamentalism _zBangladesh |
||
| 650 | _aMuslims | ||
| 942 |
_2ddc _cBK _06 |
||